<?xml version="1.0" encoding="UTF-8"?>
<record
    xmlns:xsi="http://www.w3.org/2001/XMLSchema-instance"
    xsi:schemaLocation="http://www.loc.gov/MARC21/slim http://www.loc.gov/standards/marcxml/schema/MARC21slim.xsd"
    xmlns="http://www.loc.gov/MARC21/slim">

  <leader>00422nam a22001457a 4500</leader>
  <controlfield tag="005">20180227145548.0</controlfield>
  <controlfield tag="008">170420b        xxu||||| |||| 00| 0 eng d</controlfield>
  <datafield tag="040" ind1=" " ind2=" ">
    <subfield code="c">PK-LaUMT</subfield>
  </datafield>
  <datafield tag="082" ind1=" " ind2=" ">
    <subfield code="a">ZIAC 297.07</subfield>
    <subfield code="b">AHM-A</subfield>
  </datafield>
  <datafield tag="100" ind1=" " ind2=" ">
    <subfield code="a">&#x627;&#x62D;&#x645;&#x62F; &#x644;&#x637;&#x641;&#x6CC; &#x627;&#x644;&#x633;&#x6CC;&#x62F; &#x628;&#x627;&#x634;&#x627;</subfield>
  </datafield>
  <datafield tag="245" ind1=" " ind2=" ">
    <subfield code="a">&#x627;&#x644;&#x645;&#x646;&#x62A;&#x62E;&#x628;&#x627;&#x62A;/</subfield>
    <subfield code="c">&#x627;&#x62D;&#x645;&#x62F; &#x644;&#x637;&#x641;&#x6CC; &#x627;&#x644;&#x633;&#x6CC;&#x62F; &#x628;&#x627;&#x634;&#x627;</subfield>
  </datafield>
  <datafield tag="260" ind1=" " ind2=" ">
    <subfield code="a">[ ]</subfield>
    <subfield code="b">&#x6BE;&#x62F;&#x628;&#x6C1; &#x627;&#x644;&#x645;&#x641;&#x646;&#x637;&#x641;&#x60C;</subfield>
    <subfield code="c">1945</subfield>
  </datafield>
  <datafield tag="300" ind1=" " ind2=" ">
    <subfield code="a"> 168 &#x635;</subfield>
  </datafield>
  <datafield tag="942" ind1=" " ind2=" ">
    <subfield code="c">BK</subfield>
  </datafield>
  <datafield tag="999" ind1=" " ind2=" ">
    <subfield code="c">92746</subfield>
    <subfield code="d">92746</subfield>
  </datafield>
  <datafield tag="952" ind1=" " ind2=" ">
    <subfield code="0">0</subfield>
    <subfield code="1">0</subfield>
    <subfield code="4">0</subfield>
    <subfield code="7">0</subfield>
    <subfield code="a">01</subfield>
    <subfield code="b">01</subfield>
    <subfield code="d">2017-04-20</subfield>
    <subfield code="l">0</subfield>
    <subfield code="o">ZIAC 297.07 AHM-A</subfield>
    <subfield code="p">107750</subfield>
    <subfield code="r">2017-04-20 00:00:00</subfield>
    <subfield code="w">2017-04-20</subfield>
    <subfield code="y">BK</subfield>
  </datafield>
</record>
